Punjab reconsidered : history, culture, and practice /

Addressing the notion of 'Punjabiyat', this text examines if there exists an 'idea of Punjab' or 'ideas of Punjab' that connects people from the region, now scattered across the globe.

Bibliographic Details
Uniform Title:Punjab reconsidered (Online)
Corporate Author: Oxford University Press
Other Authors: Malhotra, Anshu, Mir, Farina
Format: eBook
Language:English
Published: New Delhi, India : Oxford University Press, 2012.
Subjects:
Online Access:Connect to the full text of this electronic book

MARC

Tag First Indicator Second Indicator Subfields
LEADER 00000cam a2200000 i 4500
001 in00005716620
005 20260319180134.2
006 m o d
007 cr |n|||||||||
008 120719s2012 ii ab ob 000 0 eng d
010 |z  2012371332 
040 |a WYU  |b eng  |e pn  |c WYU  |d OCLCO  |d YDXCP  |d VLB  |d CNCGM  |d OCLCF  |d STBDS  |d FIE  |d BUF  |d YOU  |d CANPU  |d OCLCQ  |d OCLCA  |d OCLCQ  |d K6U  |d OCLCO  |d SFB  |d OCLCO  |d OCLCQ  |d OCLCO  |d OCLCL  |d UKAHL  |d OCLCQ  |d OCLCL  |d OCLCO  |d COA  |d INARC  |d YDX 
019 |a 812066933  |a 812453278  |a 1078827895  |a 1087332488  |a 1298409459  |a 1341229606 
020 |a 0199080984  |q (electronic bk.) 
020 |a 9780199080984  |q (electronic bk.) 
020 |z 9780198078012  |q (hardback) 
020 |z 0198078013  |q (hardback) 
024 8 |a (WaSeSS)ssj0000752247 
035 |a (OCoLC)1064766201  |z (OCoLC)812066933  |z (OCoLC)812453278  |z (OCoLC)1078827895  |z (OCoLC)1087332488  |z (OCoLC)1298409459  |z (OCoLC)1341229606 
043 |a a-ii--- 
050 4 |a DS485.P83  |b P85 2012 
082 0 4 |a 954/.552  |2 23 
049 |a TXAM 
130 0 |a Punjab reconsidered (Online) 
245 1 0 |a Punjab reconsidered :  |b history, culture, and practice /  |c edited by Anshu Malhotra and Farina Mir. 
260 |a New Delhi, India :  |b Oxford University Press,  |c 2012. 
300 |a 1 online resource (lviii, 461 pages) :  |b illustrations, maps 
336 |a text  |b txt  |2 rdacontent 
337 |a computer  |b c  |2 rdamedia 
338 |a online resource  |b cr  |2 rdacarrier 
504 |a Includes bibliographical references. 
505 0 0 |t Punjab in history and historiography : an introduction /  |r Anshu Malhotra and Farina Mir --  |g Part I  |t Literary cultures and language politics --  |t Punjabi Sufi poetry from Farid to Farid /  |r Christopher Shackle --  |t Language, the nation, and symbolic capital : the case of Punjab /  |r Alyssa Ayres --  |g Part II  |t Texts, contexts, and religious identities --  |t The history of the Ẓafar-nāmah of Guru Gobind Singh /  |r Louis E. Fenech --  |t An idea of religion : identity, difference, and comparison in the gurbilās /  |r Anne Murphy --  |t Guru Nanak's life and legacy : an appraisal /  |r Gurinder Singh Mann --  |g Part III  |t Religious cultures : marginal, popular, controversial --  |t Brotherhood of the pure : the poetics and politics of cultural transgression /  |r Harjot Oberoi --  |t Panths and piety in the nineteenth century : the Gulabdasis of Punjab /  |r Anshu Malhotra --  |t Genre and devotion in Punjabi popular narratives : rethinking cultural and religious syncretism /  |r Farina Mir --  |t Brave converts in the Arya Samaj : the case of Dharm Pal /  |r C.S. Adcock --  |g Part IV  |t Colonialism : rural and urban cultures --  |t Environmental history, biradari, and the making of Pakistani Punjab /  |r David Gilmartin --  |t Being middle class in late colonial Punjab /  |r Markus Daechsel --  |t Translating the public in colonial Punjab /  |r William J. Glover --  |g Part V  |t Cosmopolitanisms : historical and contemporary --  |t Bhagat Singh : a politics of death and hope /  |r Simona Sawhney --  |t Post-partition pluralism : placing Islam in Indian Punjab /  |r Anna Bigelow --  |t Migration, cultural legibility, and the politics of identity in the making of British Sikh communities /  |r Tony Ballantyne. 
520 8 |a Addressing the notion of 'Punjabiyat', this text examines if there exists an 'idea of Punjab' or 'ideas of Punjab' that connects people from the region, now scattered across the globe. 
650 0 |a National characteristics, Panjabi. 
651 0 |a Punjab (India)  |x Civilization. 
650 6 |a Pendjabi (Peuple d'Asie méridionale) 
651 6 |a Pendjab (Inde)  |x Civilisation. 
650 7 |a Civilization  |2 fast 
650 7 |a National characteristics, Panjabi  |2 fast 
651 7 |a India  |z Punjab  |2 fast  |1 https://id.oclc.org/worldcat/entity/E39QbtfRgfBXKMRyYKqyBc44Wc 
655 7 |a Electronic books.  |2 local 
655 0 |a Electronic book. 
700 1 |a Malhotra, Anshu.  |1 https://id.oclc.org/worldcat/entity/E39PCjMw389Jp7WcPGvcdDgqcP 
700 1 |a Mir, Farina.  |1 https://id.oclc.org/worldcat/entity/E39PBJf8q8Kx9HTbdPXvC8bDbd 
710 2 |a Oxford University Press.  |1 https://id.oclc.org/worldcat/entity/E39QH7JmqydQRq3jgM89g7d7gg 
758 |i has work:  |a Punjab reconsidered (Text)  |1 https://id.oclc.org/worldcat/entity/E39PCGwG3My7cvw8gXKXyQmMmq  |4 https://id.oclc.org/worldcat/ontology/hasWork 
776 0 8 |i Print version:  |t Punjab reconsidered.  |d New Delhi : Oxford University Press, 2012  |z 9780198078012  |z 0198078013 
856 4 0 |u http://proxy.library.tamu.edu/login?url=https://academic.oup.com/book/32479  |z Connect to the full text of this electronic book  |t 0 
936 |a BATCHLOAD 
955 |a Oxford Scholarship Online 
994 |a 92  |b TXA 
999 f f |i 09a8c1f3-5f0d-429a-a098-ce613272268c  |s d54cad78-f7c7-49f6-b666-47a06b7a7169  |t 0 
952 f f |a Texas A&M University  |b College Station  |c Electronic Resources  |s www_evans  |d Available Online  |t 0  |e DS485.P83 P85 2012  |h Library of Congress classification 
998 f f |a DS485.P83 P85 2012  |t 0  |l Available Online